000
00263nam a22001217a 4500
008
170608b xxu||||| |||| 00| 0 eng d
041
_a
eng
080
_a
94(4)
100
_a
18
101
_a
SHH
245
_a
ROUSSEAU AND REVOLUTION
_c
DURANT,W
942
_2
udc
_c
BK
999
_c
16589
_d
16589